Climate Change Epistemologies in Southern Africa : Social and Cultural Dimensions.

Bibliographic Details
Main Author: Ahrens, Jö.
Other Authors: Halbmayer, Ernst.
Format: eBook
Language:English
Published: Milton : Taylor & Francis Group, 2023.
Edition:1st ed.
Series:Routledge Studies in African Geography Series
Subjects:
Online Access:Click to View
LEADER 01611nam a22003853i 4500
001 EBC7250485
003 MiAaPQ
005 20231204023229.0
006 m o d |
007 cr cnu||||||||
008 231204s2023 xx o ||||0 eng d
020 |a 9781000902389  |q (electronic bk.) 
020 |z 9781032018522 
035 |a (MiAaPQ)EBC7250485 
035 |a (Au-PeEL)EBL7250485 
035 |a (OCoLC)1382699364 
040 |a MiAaPQ  |b eng  |e rda  |e pn  |c MiAaPQ  |d MiAaPQ 
100 1 |a Ahrens, Jö. 
245 1 0 |a Climate Change Epistemologies in Southern Africa :  |b Social and Cultural Dimensions. 
250 |a 1st ed. 
264 1 |a Milton :  |b Taylor & Francis Group,  |c 2023. 
264 4 |c {copy}2023. 
300 |a 1 online resource (228 pages) 
336 |a text  |b txt  |2 rdacontent 
337 |a computer  |b c  |2 rdamedia 
338 |a online resource  |b cr  |2 rdacarrier 
490 1 |a Routledge Studies in African Geography Series 
588 |a Description based on publisher supplied metadata and other sources. 
590 |a Electronic reproduction. Ann Arbor, Michigan : ProQuest Ebook Central, 2023. Available via World Wide Web. Access may be limited to ProQuest Ebook Central affiliated libraries.  
655 4 |a Electronic books. 
700 1 |a Halbmayer, Ernst. 
776 0 8 |i Print version:  |a Ahrens, Jö  |t Climate Change Epistemologies in Southern Africa  |d Milton : Taylor & Francis Group,c2023  |z 9781032018522 
797 2 |a ProQuest (Firm) 
830 0 |a Routledge Studies in African Geography Series 
856 4 0 |u https://ebookcentral.proquest.com/lib/matrademy/detail.action?docID=7250485  |z Click to View